Good European real estate returns harder to come by but opportunities persist (Record no. 69741)

MARC details
000 -LEADER
fixed length control field 00868cam a2200193 4500
001 - CONTROL NUMBER
control field ABS65201
008 - FIXED-LENGTH DATA ELEMENTS--GENERAL INFORMATION
fixed length control field 020308n2002 000 0 eng u
035 ## - SYSTEM CONTROL NUMBER
System control number (Sirsi) u117056
100 ## - MAIN ENTRY--PERSONAL NAME
Personal name Goodchild, R.
245 ## - TITLE STATEMENT
Title Good European real estate returns harder to come by but opportunities persist
260 ## - PUBLICATION, DISTRIBUTION, ETC.
Date of publication, distribution, etc. 2002
490 ## - SERIES STATEMENT
Series statement Property Forecast
Volume/sequential designation 5(2) February 2002, 2-9(3)
520 ## - SUMMARY, ETC.
Summary, etc. Detailed analysis of GPD growth, European retail provision and office vacancy trend rates. The economic view is mixed, so that specific market dislocations and opportunities are hard to predict. Long-term prospects of European real estate markets are promising, and short-term cyclical opportunities are likely to arise. Graphs.
590 ## - LOCAL NOTE (RLIN)
Local note ABS
650 ## - SUBJECT ADDED ENTRY--TOPICAL TERM
Topical term or geographic name entry element REAL ESTATE
690 ## - LOCAL SUBJECT ADDED ENTRY--TOPICAL TERM (OCLC, RLIN)
Topical term or geographic name as entry element PROPERTY MANAGEMENT-CORPORATE REAL ESTATE
700 ## - ADDED ENTRY--PERSONAL NAME
Personal name Wasserberg, D.
942 ## - ADDED ENTRY ELEMENTS (KOHA)
Suppress in OPAC 0
Holdings
Withdrawn status Lost status Source of classification or shelving scheme Damaged status Not for loan Home library Current library Shelving location Date acquired Total Checkouts Full call number Barcode Date last seen Copy number Price effective from Koha item type
    Dewey Decimal Classification     London London Journal article 08/03/2002   ABS65201 117056-1001 06/08/2019 1 06/08/2019 Journal article